000
00307 a2200145 4500
001
148728
040
_c
Escola São Tomás de Aquino
240
1
0
_a
Duas vezes pai
_l
por
245
1
0
_a
Duas vezes pai
300
_a
19
362
0
_a
2009
440
1
_a
Formato
697
_a
*LITERATURA INFANTO
942
_c
BK
999
_c
148728
_d
148728